<?xml version="1.0" encoding="UTF-8"?>
<record
    xmlns:xsi="http://www.w3.org/2001/XMLSchema-instance"
    xsi:schemaLocation="http://www.loc.gov/MARC21/slim http://www.loc.gov/standards/marcxml/schema/MARC21slim.xsd"
    xmlns="http://www.loc.gov/MARC21/slim">

  <leader>00867cam a22003012i 4500</leader>
  <controlfield tag="001">ko06153</controlfield>
  <controlfield tag="003">YEEZEN</controlfield>
  <controlfield tag="005">20260127133630.0</controlfield>
  <controlfield tag="008">240701s2024    ch     e      000 0 chi d</controlfield>
  <datafield tag="020" ind1=" " ind2=" ">
    <subfield code="a">9786267415665</subfield>
    <subfield code="q">(&#x5E73;&#x88DD;) :</subfield>
    <subfield code="c">&#x65B0;&#x81FA;&#x5E63;499&#x5143;</subfield>
  </datafield>
  <datafield tag="035" ind1=" " ind2=" ">
    <subfield code="a">.b21157583</subfield>
  </datafield>
  <datafield tag="040" ind1=" " ind2=" ">
    <subfield code="a">CIP</subfield>
    <subfield code="b">chi</subfield>
    <subfield code="d">RNI</subfield>
    <subfield code="c">CIP</subfield>
  </datafield>
  <datafield tag="042" ind1=" " ind2=" ">
    <subfield code="a">nbic</subfield>
  </datafield>
  <datafield tag="049" ind1=" " ind2=" ">
    <subfield code="a">RNIA</subfield>
  </datafield>
  <datafield tag="090" ind1=" " ind2=" ">
    <subfield code="a">861.57</subfield>
    <subfield code="b">5641-89</subfield>
  </datafield>
  <datafield tag="100" ind1="1" ind2=" ">
    <subfield code="a">&#x6771;&#x91CE;&#x572D;&#x543E;</subfield>
  </datafield>
  <datafield tag="240" ind1="1" ind2="0">
    <subfield code="a">&#x3042;&#x306A;&#x305F;&#x304C;&#x8AB0;&#x304B;&#x3092;&#x6BBA;&#x3057;&#x305F;</subfield>
  </datafield>
  <datafield tag="245" ind1="1" ind2="0">
    <subfield code="a">&#x4F60;&#x6BBA;&#x4E86;&#x8AB0; /</subfield>
    <subfield code="c">&#x6771;&#x91CE;&#x572D;&#x543E;&#x8457;; &#x738B;&#x83EF;&#x61CB;&#x8B6F;</subfield>
  </datafield>
  <datafield tag="250" ind1=" " ind2=" ">
    <subfield code="a">&#x521D;&#x7248;</subfield>
  </datafield>
  <datafield tag="260" ind1=" " ind2=" ">
    <subfield code="a">&#x81FA;&#x5317;&#x5E02; :</subfield>
    <subfield code="b">&#x7368;&#x6B65;&#x6587;&#x5316;, </subfield>
    <subfield code="c">2024.08</subfield>
  </datafield>
  <datafield tag="300" ind1=" " ind2=" ">
    <subfield code="a">316&#x9762; ;</subfield>
    <subfield code="c">21&#x516C;&#x5206;</subfield>
  </datafield>
  <datafield tag="490" ind1="1" ind2=" ">
    <subfield code="a">&#x6771;&#x91CE;&#x572D;&#x543E;&#x4F5C;&#x54C1;&#x96C6;;</subfield>
    <subfield code="v">44.</subfield>
  </datafield>
  <datafield tag="500" ind1=" " ind2=" ">
    <subfield code="a">&#x8B6F;&#x81EA;:&#x3042;&#x306A;&#x305F;&#x304C;&#x8AB0;&#x304B;&#x3092;&#x6BBA;&#x3057;&#x305F;</subfield>
  </datafield>
  <datafield tag="700" ind1="1" ind2=" ">
    <subfield code="a">&#x738B;, &#x83EF;&#x61CB;</subfield>
  </datafield>
  <datafield tag="765" ind1="0" ind2=" ">
    <subfield code="t">&#x3042;&#x306A;&#x305F;&#x304C;&#x8AB0;&#x304B;&#x3092;&#x6BBA;&#x3057;&#x305F;</subfield>
  </datafield>
  <datafield tag="830" ind1=" " ind2="0">
    <subfield code="a">&#x6771;&#x91CE;&#x572D;&#x543E;&#x4F5C;&#x54C1;&#x96C6;;</subfield>
    <subfield code="v">44.</subfield>
  </datafield>
  <datafield tag="942" ind1=" " ind2=" ">
    <subfield code="2">ccl</subfield>
    <subfield code="c">BOOK</subfield>
  </datafield>
  <datafield tag="999" ind1=" " ind2=" ">
    <subfield code="c">7689</subfield>
    <subfield code="d">7689</subfield>
  </datafield>
  <datafield tag="952" ind1=" " ind2=" ">
    <subfield code="0">0</subfield>
    <subfield code="1">0</subfield>
    <subfield code="2">ccl</subfield>
    <subfield code="4">0</subfield>
    <subfield code="7">0</subfield>
    <subfield code="a">yeezen</subfield>
    <subfield code="b">yeezen</subfield>
    <subfield code="c">YEEZEN</subfield>
    <subfield code="d">2026-01-27</subfield>
    <subfield code="l">1</subfield>
    <subfield code="m">1</subfield>
    <subfield code="o">861.57</subfield>
    <subfield code="p">C03273</subfield>
    <subfield code="r">2026-03-23 00:00:00</subfield>
    <subfield code="s">2026-02-24</subfield>
    <subfield code="w">2026-01-27</subfield>
    <subfield code="y">BOOK</subfield>
    <subfield code="z">&#xFF3C;&#x6B77;&#x7D93;&#x5341;&#x5E74;&#x2500;&#x2500;&#x300A;&#x65B0;&#x53C3;&#x8005;&#x300B;&#x52A0;&#x8CC0;&#x606D;&#x4E00;&#x90CE;&#x56DE;&#x4F86;&#x4E86;&#xFF0F; &#x4E00;&#x56DE;&#x4F86;&#x5C31;&#x9762;&#x5C0D;&#x6700;&#x7AAE;&#x51F6;&#x6975;&#x60E1;&#x7684;&#x5C0D;&#x624B;&#xFF01; &#x582A;&#x6BD4;&#x300A;&#x60E1;&#x610F;&#x300B;&#x96AA;&#x60E1;&#xFF0C;&#x300A;&#x8AB0;&#x6BBA;&#x4E86;&#x5979;&#x300B;&#x71D2;&#x8166; &#x6BCF;&#x4E00;&#x5F35;&#x7F8E;&#x9E97;&#x7684;&#x81C9;&#x5E95;&#x4E0B;&#xFF0C;&#x90FD;&#x662F;&#x9ED1;&#x6697;&#x7684;&#x7955;&#x5BC6;😈</subfield>
  </datafield>
</record>
